Harold and the purple crayon / (Record no. 400506)
[ view plain ]
| 000 -LEADER | |
|---|---|
| fixed length control field | 04599cgm a2200769 a 4500 |
| 005 - DATE AND TIME OF LATEST TRANSACTION | |
| control field | 20251002114721.0 |
| 007 - PHYSICAL DESCRIPTION FIXED FIELD--GENERAL INFORMATION | |
| fixed length control field | vd cvaizk |
| 008 - FIXED-LENGTH DATA ELEMENTS--GENERAL INFORMATION | |
| fixed length control field | 240809s2024 086 ## v eng d |
| 024 ## - OTHER STANDARD IDENTIFIER | |
| Standard number or code | 043396582385 |
| Qualifying information | (videorecording) |
| 024 10 - OTHER STANDARD IDENTIFIER | |
| Standard number or code | 043396582415 |
| 028 42 - PUBLISHER NUMBER | |
| Publisher number | 58241 |
| Source | Columbia (USA) |
| 040 ## - CATALOGING SOURCE | |
| Original cataloging agency | CTMMSN |
| Language of cataloging | eng |
| Description conventions | rda |
| Transcribing agency | CTMMSN |
| 041 1# - LANGUAGE CODE | |
| Language code of text/sound track or separate title | eng |
| -- | fre |
| -- | kor |
| -- | spa |
| -- | tha |
| Language code of original and/or intermediate translations of text | eng |
| 092 ## - LOCALLY ASSIGNED DEWEY CALL NUMBER (OCLC) | |
| Classification number | Movie |
| Item number | Harold |
| 245 00 - TITLE STATEMENT | |
| Title | Harold and the purple crayon / |
| 264 #1 - Production, Publication, Distribution, Manufacture, and Copyright Notice. | |
| Place of production, publication, distribution, manufacture | Culver City, CA : |
| Name of producer, publisher, distributor, manufacturer | Sony Pictures Home Entertainment, |
| Date of production, publication, distribution, manufacture, or copyr | [2024] |
| 300 ## - PHYSICAL DESCRIPTION | |
| Extent | [1 videodisc (approximately 90 minutes)?] : |
| Other physical details | sound, color; |
| Dimensions | 4 3/4 in. |
| 336 ## - Content Type | |
| Content type term | two-dimensional moving image |
| 337 ## - Media type | |
| Media type term | video |
| 338 ## - Carrier type | |
| Carrier type term | videodisc |
| 500 ## - GENERAL NOTE | |
| General note | [Typographic symbols and accents removed for systems compatibility.] |
| 500 ## - GENERAL NOTE | |
| General note | Widescreen edition. |
| 500 ## - GENERAL NOTE | |
| General note | Based on the book by Crockett Johnson. |
| 500 ## - GENERAL NOTE | |
| General note | Originally released as a motion picture in 2024. |
| 500 ## - GENERAL NOTE | |
| General note | Wide screen (1.85:1). |
| 508 ## - CREATION/PRODUCTION CREDITS NOTE | |
| Creation/production credits note | Director of photography, Gabriel Beristain ; editor, Tia Nolan, Mark Helfrich ; composer, Batu Sener. |
| 511 1# - PARTICIPANT OR PERFORMER NOTE | |
| Participant or performer note | Zachary Levi, Lil Rel Howery, Benjamin Bottani, Jemaine Clement, Tanya Reynolds, Alfred Molina, Zooey Deschanel. |
| 520 ## - SUMMARY, ETC. | |
| Summary, etc | Inside of his book, adventurous Harold (Zachary Levi) can make anything come to life simply by drawing it. After he grows up and draws himself off the book's pages and into the physical world, Harold finds he has a lot to learn about the real world -and that his trusty purple crayon may set off more hilarious hijinks than he thought possible. When the power of unlimited imagination falls into the wrong hands, it will take all of Harold and his friends' creativity to save both the real world and his own. Harold and the Purple Crayon is the first film adaptation of the beloved children's classic that has captivated young readers for decades. Directed by Carlos Saldanha and produced by John Davis, the live-action hybrid family adventure/comedy stars Zachary Levi, Lil Rel Howery, Benjamin Bottani, Jemaine Clement, Tanya Reynolds with Alfred Molina and Zooey Deschanel. The film's screenplay is written by David Guion & Michael Handelman, based on the book by Crockett Johnson. Sony; 043396582385; 1 Disc(s); 90 min; FAMILY; PG; 10/08/24 |
| 521 8# - TARGET AUDIENCE NOTE | |
| Target audience note | MPA rating: PG; for mild action and thematic elements. |
| 538 ## - SYSTEM DETAILS NOTE | |
| System details note | DVD, color, widescreen, NTSC. |
| 650 #7 - SUBJECT ADDED ENTRY--TOPICAL TERM | |
| Topical term or geographic name as entry element | Family Features |
| Source of heading or term | bisacsh |
| 9 (RLIN) | 6438219 |
| 650 #0 - SUBJECT ADDED ENTRY--TOPICAL TERM | |
| Topical term or geographic name as entry element | Drawing |
| Form subdivision | Juvenile drama. |
| 9 (RLIN) | 6496770 |
| 650 #0 - SUBJECT ADDED ENTRY--TOPICAL TERM | |
| Topical term or geographic name as entry element | Imagination |
| Form subdivision | Juvenile drama. |
| 9 (RLIN) | 6426902 |
| 650 #0 - SUBJECT ADDED ENTRY--TOPICAL TERM | |
| Topical term or geographic name as entry element | Creative ability |
| Form subdivision | Juvenile drama. |
| 9 (RLIN) | 6496771 |
| 650 #1 - SUBJECT ADDED ENTRY--TOPICAL TERM | |
| Topical term or geographic name as entry element | Drawing |
| Form subdivision | Drama. |
| 9 (RLIN) | 6496772 |
| 650 #1 - SUBJECT ADDED ENTRY--TOPICAL TERM | |
| Topical term or geographic name as entry element | Imagination |
| Form subdivision | Drama. |
| 9 (RLIN) | 5680813 |
| 650 #1 - SUBJECT ADDED ENTRY--TOPICAL TERM | |
| Topical term or geographic name as entry element | Creative ability |
| Form subdivision | Drama. |
| 9 (RLIN) | 6496773 |
| 655 ## - INDEX TERM--GENRE/FORM | |
| Genre/form data or focus term | Video recordings. |
| Source of term | lcgft |
| 655 #7 - INDEX TERM--GENRE/FORM | |
| Genre/form data or focus term | children's films. |
| Source of term | aat |
| 655 #7 - INDEX TERM--GENRE/FORM | |
| Genre/form data or focus term | Fantasy films. |
| Source of term | lcgft |
| 655 #7 - INDEX TERM--GENRE/FORM | |
| Genre/form data or focus term | Feature films. |
| Source of term | lcgft |
| 655 #7 - INDEX TERM--GENRE/FORM | |
| Genre/form data or focus term | Children's films. |
| Source of term | lcgft |
| 655 #7 - INDEX TERM--GENRE/FORM | |
| Genre/form data or focus term | Fiction films. |
| Source of term | lcgft |
| 655 #7 - INDEX TERM--GENRE/FORM | |
| Genre/form data or focus term | Film adaptations. |
| Source of term | lcgft |
| 655 #7 - INDEX TERM--GENRE/FORM | |
| Genre/form data or focus term | Video recordings for the hearing impaired. |
| Source of term | lcgft |
| 655 #7 - INDEX TERM--GENRE/FORM | |
| Genre/form data or focus term | Video recordings for people with visual disabilities. |
| Source of term | lcgft |
| 9 (RLIN) | 5676923 |
| 700 1# - ADDED ENTRY--PERSONAL NAME | |
| Personal name | Saldanha, Carlos, |
| Dates associated with a name | 1965- |
| Relator term | film director. |
| 9 (RLIN) | 5813490 |
| 700 1# - ADDED ENTRY--PERSONAL NAME | |
| Personal name | Guion, David, |
| Relator term | screenwriter. |
| 9 (RLIN) | 56572 |
| 700 1# - ADDED ENTRY--PERSONAL NAME | |
| Personal name | Handelman, Michael, |
| Relator term | screenwriter. |
| 9 (RLIN) | 56573 |
| 700 1# - ADDED ENTRY--PERSONAL NAME | |
| Personal name | Davis, John, |
| Dates associated with a name | 1954- |
| Relator term | film producer. |
| 9 (RLIN) | 5696853 |
| 700 1# - ADDED ENTRY--PERSONAL NAME | |
| Personal name | Levi, Zachary, |
| Dates associated with a name | 1980- |
| Relator term | actor. |
| 9 (RLIN) | 74173 |
| 700 1# - ADDED ENTRY--PERSONAL NAME | |
| Personal name | Howery, Lil Rel, |
| Dates associated with a name | 1979- |
| Relator term | actor. |
| 9 (RLIN) | 6496774 |
| 700 1# - ADDED ENTRY--PERSONAL NAME | |
| Personal name | Bottani, Benjamin, |
| Relator term | actor |
| 9 (RLIN) | 6496775 |
| 700 1# - ADDED ENTRY--PERSONAL NAME | |
| Personal name | English, French, Korean, Spanish or Thai dialogue; English, Chinese traditional, French, Korean, Spanish or Thai subtitles; English subtitles for the deaf and hard of hearing (SDH); English or French described video. |
| Dates associated with a name | 1991- |
| Relator term | actor. |
| 9 (RLIN) | 6553083 |
| 700 1# - ADDED ENTRY--PERSONAL NAME | |
| Personal name | Deschanel, Zooey, |
| Dates associated with a name | 1980- |
| Relator term | actor. |
| 9 (RLIN) | 69811 |
| 700 1# - ADDED ENTRY--PERSONAL NAME | |
| Personal name | Clement, Jemaine, |
| Relator term | actor. |
| 9 (RLIN) | 5715462 |
| 700 1# - ADDED ENTRY--PERSONAL NAME | |
| Personal name | Molina, Alfred, |
| Dates associated with a name | 1953- |
| Relator term | narrator. |
| 9 (RLIN) | 38362 |
| 700 1# - ADDED ENTRY--PERSONAL NAME | |
| Personal name | Beristain, Gabriel, |
| Relator term | director of photography. |
| 9 (RLIN) | 70380 |
| 700 1# - ADDED ENTRY--PERSONAL NAME | |
| Personal name | Nolan, Tia, |
| Relator term | editor of moving image work. |
| 9 (RLIN) | 6496777 |
| 700 1# - ADDED ENTRY--PERSONAL NAME | |
| Personal name | Sener, Batu, |
| Relator term | composer (expression) |
| 9 (RLIN) | 6496778 |
| 700 1# - ADDED ENTRY--PERSONAL NAME | |
| Personal name | Helfrich, Mark, |
| Relator term | editor of moving image work. |
| 9 (RLIN) | 236 |
| 700 1# - ADDED ENTRY--PERSONAL NAME | |
| Personal name | Johnson, Crockett, |
| Dates associated with a name | 1906-1975. |
| Title of a work | Harold and the purple crayon. |
| 9 (RLIN) | 6480605 |
| 710 ## - ADDED ENTRY--CORPORATE NAME | |
| Corporate name or jurisdiction name as entry element | Sony |
| 9 (RLIN) | 6485948 |
| 710 2# - ADDED ENTRY--CORPORATE NAME | |
| Corporate name or jurisdiction name as entry element | Sony Pictures Home Entertainment (Firm), |
| Relator term | publisher. |
| 9 (RLIN) | 71947 |
| 730 02 - ADDED ENTRY--UNIFORM TITLE | |
| Uniform title | Harold and the purple crayon (Motion picture) |
| 9 (RLIN) | 6496779 |
| 942 ## - ADDED ENTRY ELEMENTS (KOHA) | |
| Source of classification or shelving scheme | Dewey Decimal Classification |
| Koha item type | DVD |
| Withdrawn status | Lost status | Source of classification or shelving scheme | Damaged status | Not for loan | Collection code | Home library | Current library | Shelving location | Date acquired | Source of acquisition | Total Checkouts | Total Renewals | Full call number | Barcode | Date last seen | Date checked out | Cost, replacement price | Price effective from | Koha item type |
|---|---|---|---|---|---|---|---|---|---|---|---|---|---|---|---|---|---|---|---|
| Dewey Decimal Classification | Movies | Wasatch County Library | Wasatch County Library | Audio Visual Area | 02/18/2025 | Micromarketing | 4 | 6 | Movie Harold and the Purple Crayon | 34301002146399 | 02/19/2026 | 01/30/2026 | 24.96 | 02/18/2025 | Blu-ray/DVD |
